000 00843nam a2200301Ia 4500
003 OSt
005 20220912151050.0
006 a|||||r|||| 00| 0
007 ta
008 220909b |||||||| |||| 00| 0 eng d
020 _a3540667342
024 _a6710
037 _bAshutosh,
037 _cTextual
040 _aCSL
_beng
_cCSL
041 _aeng
082 _aB, P0
100 _aBungartz Hans-Joachim Ed
245 0 _aLectures on applied mathematics
260 _aBerlin
_bSpringer-Verlag
_c2000
300 _ax, 320p
500 _aIncludes bibliographical references
650 _aMathematics
700 _a Hoppe Ronald H W Ed
700 _a Zenger Christoph Ed
942 _hB, P0
_cTEXL
_2CC
999 _c60547
_d60547